Kỹ thuật nuôi gà tam hoàng

Na minha lista:
Detalhes bibliográficos
Autor principal: Đặng Thị Hạnh
Formato: Livro
Idioma:Undetermined
Publicado em: Hà Nội Nông nghiệp 2000
Assuntos:
Tags: Adicionar Tag
Sem tags, seja o primeiro a adicionar uma tag!
Thư viện lưu trữ: Trung tâm Học liệu Trường Đại học Cần Thơ
LEADER 00468nam a2200169Ia 4500
001 CTU_37347
008 210402s9999 xx 000 0 und d
082 |a 636.5 
082 |b H107 
100 |a Đặng Thị Hạnh 
245 0 |a Kỹ thuật nuôi gà tam hoàng 
245 0 |c Đặng Thị Hạnh 
260 |a Hà Nội 
260 |b Nông nghiệp 
260 |c 2000 
650 |a poultry 
980 |a Trung tâm Học liệu Trường Đại học Cần Thơ